000 00473nam a2200181Ia 4500
005 20250326124345.0
008 250326s9999 xx 000 0 und d
037 _aTextbook
040 _aFMSL
_beng
_cFMSL
041 _aeng
_2eng
084 _aX:74v J7
_qFMSL
100 _aAndeson C R
_9737285
245 0 _aBusiness reports
_cAndeson C R
260 _aNY
_bNY, McGraw-Hill
_c1957
300 _a407p
942 _cTB
_hX:74v J7
999 _c1273412
_d1273412